No Complaints - Noah Kahan (All Lyrics) - Statistics

General Stats
  • This quiz has been taken 108 times
  • The average score is 270 of 301
Answer Stats
Lyrics % Correct
a
100%
And
100%
and
100%
And,
100%
I
100%
I,
100%
for
98%
no
98%
the
98%
to
98%
To
98%
Who
98%
who
98%
am
95%
complain?
95%
complain
95%
in
95%
In
95%
it
95%
It
95%
so
95%
as
93%
bad
93%
got
93%
head
93%
how
93%
just
93%
like
93%
my
93%
now,
93%
now
93%
of
93%
saw
93%
something
93%
that
93%
with
93%
but
91%
But
91%
end,
91%
had
91%
I'm
91%
medication
91%
then
91%
Then
91%
up
91%
ain't
88%
can
88%
forgot
88%
having
88%
hole
88%
middle
88%
paper
88%
pen
88%
pen,
88%
prescription
88%
same
88%
space
88%
thought
88%
time,
88%
world
88%
cry
86%
cry,
86%
nothing,
86%
Oh,
86%
oh
86%
oh,
86%
pain
86%
still
86%
that's
86%
was
86%
Yes,
86%
at
84%
being
84%
better,
84%
better
84%
blame
84%
different
84%
feel
84%
filled
84%
finally
84%
mad
84%
page
84%
showed
84%
afraid
81%
dad
81%
escape
81%
looked
81%
love
81%
seen
81%
weight
81%
where
81%
get
79%
It's
79%
looks
79%
noticed
79%
pain's
79%
set
79%
young
79%
dreams
77%
living
77%
makes
77%
Makes
77%
months
77%
pull
77%
punches,
77%
raised
77%
tried
77%
Tried
77%
vision,
77%
weather
77%
boring,
74%
eat
74%
exists,
74%
fall
74%
heals
74%
news
74%
sewed
74%
skin
74%
asleep
72%
distant
72%
fine,
72%
fine
72%
Hope
72%
evades
70%
rage
70%
enters
67%
escapes
67%
rain
67%
can't
58%
fake
58%
Mmm,
56%
Mmm
56%
mmm
56%
Well,
51%
No matching quizzes found
Score Distribution
Percent of People with Each Score
Percentile by Number Answered
Your Score History
You have not taken this quiz